000 00516nam a2200169 a 4500
001 000035589
005 20200930074445.0
008 111103s2011 dr 000 0 spa d
020 _a9789945164466
040 _aDO-SdBNP
_bspa
_cBNPHU
100 1 _aGómez, José Miguel
_9380
245 1 3 _aEl marido psicópata :
_bun monstruo vestido de señor /.
260 _aSanto Domingo :
_bEditora Búho,
_c2011.
300 _a154 p. ;
_c23 cm.
500 _aIncluye datos biográficos del autor en la solapa
049 _aBNPD
999 _c35080
_d35080